000
00298nam a22001217a 4500
082
_a
621.3881 ANI'B
100
_a
ANIL K, MAINI
_9
10359
245
_a
BASIC TELEVISION, TRANSMISSION AND RECEPTION MONOCHROME AND COLOR
250
_a
3RD
260
_a
DELHI
_b
CBS
_c
1990
300
_a
VP
942
_c
BK
999
_c
575146
_d
575146